00418nam a2200133 a 450000100100000000500170001000800410002704000250006808200150009310000250010824500480013326000730018130000300025400003234020220908124144.0110714s19uu dr c 000 0 spa d aDO-SdBNPbspacBNPHU axxxbM516i aMejía, Francisco R10aIdilios y paisajes /cFrancisco R. Mejía. aCuidad Trujillo, República Dominicana :bImprenta Femina,c[s.f.]. a116 p. :bretr. ;c16 cm.